[Event "Campos do Jordao op"]
[Site "Campos do Jordao"]
[Date "2024.01.13"]
[Round "3"]
[White "Aragao Neto, Joao Batista"]
[Black "Deus Filho, Joaquim"]
[Result "1/2-1/2"]
[WhiteElo "1585"]
[BlackElo "1848"]
[PlyCount "63"]
[EventDate "2024.01.12"]
[EventType "swiss"]
[EventRounds "5"]
[EventCountry "BRA"]
[SourceTitle "CB04_2024"]
[SourceDate "2023.10.16"]
[SourceVersion "1"]
[SourceVersionDate "2023.10.16"]
[SourceQuality "1"]

1. d4 Nf6 2. c4 c5 3. d5 b5 4. cxb5 a6 5. b6 Qxb6 6. Nc3 d6 7. g3 g6 8. Bg2 Bg7 9. Nf3 0-0 10. 0-0 Nbd7 11. e4 Ng4 12. h3 Nge5 13. Qc2 a5 14. Be3 Nc4 15. Bc1 Ba6 16. Re1 Nce5 17. Rd1 Rab8 18. Rb1 Qb4 19. Bg5 Rfe8 20. Ne1 h6 21. Bc1 Qb6 22. Bf1 Bxf1 23. Kxf1 Rec8 24. Be3 Qa6+ 25. Kg2 Rb4 26. f4 Nc4 27. Bf2 Rcb8 28. Nd3 R4b7 29. Bg1 Bd4 30. Kf3 Rc7 31. Re1 Ncb6 32. f5 1/2-1/2

[Event "Pocos de Caldas op"]
[Site "Pocos de Caldas"]
[Date "2023.03.17"]
[Round "1"]
[White "Deus Filho, Joaquim"]
[Black "Salotti, Thiago Maida"]
[Result "1-0"]
[WhiteElo "1851"]
[BlackElo "1386"]
[PlyCount "79"]
[EventDate "2023.03.17"]
[EventType "swiss"]
[EventRounds "6"]
[EventCountry "BRA"]
[SourceTitle "EXT 2024"]
[Source "ChessBase"]
[SourceDate "2023.10.10"]
[SourceVersion "1"]
[SourceVersionDate "2023.10.10"]
[SourceQuality "1"]

1. e4 e5 2. Bc4 Nf6 3. d3 Bc5 4. Nf3 d6 5. h3 0-0 6. c3 Re8 7. 0-0 g6 8. Qb3 Qe7 9. Bh6 Nc6 10. Ng5 Be6 11. Bxe6 fxe6 12. Qxb7 Qd7 13. b4 Bb6 14. Qa6 d5 15. a4 Kh8 16. a5 Nxb4 17. cxb4 Bd4 18. Ra3 Ng8 19. Qc6 Qe7 20. exd5 exd5 21. Nf3 Nxh6 22. Nxd4 exd4 23. Rb3 Qf7 24. Nd2 Rad8 25. Nf3 Rd6 26. Qc5 Rde6 27. Qxd4+ Rf6 28. Ng5 Qe7 29. Rbb1 Nf5 30. Qxa7 Ref8 31. Nf3 h6 32. Rfe1 Qd6 33. b5 g5 34. b6 Nd4 35. Nxd4 Rxf2 36. Qxc7 Qf6 37. Qe5 Qxe5 38. Rxe5 Ra2 39. b7 Kg7 40. Ne6+ 1-0

[Event "Sao Jose dos Campos op"]
[Site "Sao Jose dos Campos"]
[Date "2022.09.09"]
[Round "3"]
[White "Deus Filho, Joaquim"]
[Black "Maciel, Augusto Katsuo Izaw"]
[Result "1-0"]
[WhiteElo "1857"]
[BlackElo "1405"]
[PlyCount "37"]
[EventDate "2022.09.08"]
[EventType "swiss"]
[EventRounds "7"]
[EventCountry "BRA"]
[SourceTitle "CBM 210 Extra"]
[Source "ChessBase"]
[SourceDate "2022.11.30"]
[SourceVersion "1"]
[SourceVersionDate "2022.11.30"]
[SourceQuality "1"]

1. e4 e5 2. d4 exd4 3. c3 dxc3 4. Nxc3 d6 5. Bc4 Nc6 6. Nf3 h6 7. Qb3 Qd7 8. Qc2 Nf6 9. e5 dxe5 10. 0-0 Bd6 11. Re1 0-0 12. Bxh6 gxh6 13. Qg6+ Kh8 14. Qxf6+ Kg8 15. Qg6+ Kh8 16. Qxh6+ Kg8 17. Qg5+ Kh8 18. Re4 f6 19. Rh4+ 1-0

[Event "Sao Jose dos Campos op"]
[Site "Sao Jose dos Campos"]
[Date "2022.09.09"]
[Round "2"]
[White "Norte, Gabriel Rocha Das N"]
[Black "Deus Filho, Joaquim"]
[Result "1/2-1/2"]
[WhiteElo "1466"]
[BlackElo "1857"]
[PlyCount "96"]
[EventDate "2022.09.08"]
[EventType "swiss"]
[EventRounds "7"]
[EventCountry "BRA"]
[SourceTitle "CBM 210 Extra"]
[Source "ChessBase"]
[SourceDate "2022.11.30"]
[SourceVersion "1"]
[SourceVersionDate "2022.11.30"]
[SourceQuality "1"]

1. e4 c5 2. Nc3 e6 3. Bc4 Nc6 4. f4 a6 5. a4 Nge7 6. d3 d5 7. Ba2 dxe4 8. dxe4 Qxd1+ 9. Nxd1 Nb4 10. Bb3 c4 11. Bd2 Nec6 12. c3 Nd3+ 13. Ke2 Nxb2 14. Nxb2 cxb3 15. Nf3 Rb8 16. Nd3 b5 17. a5 Bd6 18. Nfe5 Nxe5 19. fxe5 Be7 20. Rhb1 Bb7 21. Nf2 Bc5 22. Rxb3 Bxf2 23. Kxf2 Bxe4 24. c4 Rd8 25. Bg5 bxc4 26. Rb4 Rc8 27. Rc1 Bd3 28. Rb6 Ra8 29. Ke3 h6 30. Bh4 g5 31. Be1 0-0 32. Bb4 Rfb8 33. Bd6 Rd8 34. Rh1 Kg7 35. h4 Kg6 36. Rh3 Bf5 37. h5+ Kg7 38. Rh1 Rdc8 39. Rb7 c3 40. Rf1 c2 41. Kd2 Rc4 42. Ba3 Rd8+ 43. Kc1 Rd3 44. Be7 Rcd4 45. Bf6+ Kh7 46. Rxf5 exf5 47. Rb8 Rd1+ 48. Kxc2 R1d2+ 1/2-1/2

[Event "Caxambu Casa do Xadrez op"]
[Site "Caxambu"]
[Date "2022.07.24"]
[Round "6"]
[White "Deus Filho, Joaquim"]
[Black "De Brito, Gabrielly Rodrigues"]
[Result "1/2-1/2"]
[WhiteElo "1894"]
[BlackElo "1401"]
[PlyCount "182"]
[EventDate "2022.07.22"]
[EventType "swiss"]
[EventRounds "6"]
[EventCountry "BRA"]
[SourceTitle "CBM 209 Extra"]
[Source "ChessBase"]
[SourceDate "2022.09.30"]
[SourceVersion "1"]
[SourceVersionDate "2022.09.30"]
[SourceQuality "1"]

1. b3 Nf6 2. Bb2 b6 3. f4 Bb7 4. e3 e6 5. Nf3 Be7 6. Bd3 c5 7. c4 d6 8. 0-0 0-0 9. Nc3 Nc6 10. Rc1 Rc8 11. Bb1 d5 12. Qe1 d4 13. Ne4 h6 14. Nxf6+ Bxf6 15. e4 e5 16. f5 Re8 17. d3 Ra8 18. Rc2 a5 19. a4 Kf8 20. Bc1 Ke7 21. g4 Kd7 22. Rg2 Kc8 23. h4 Kb8 24. Qg3 Qc7 25. g5 hxg5 26. Bxg5 Ka7 27. Kf2 Qe7 28. Rh1 Rh8 29. Bxf6 gxf6 30. Qg7 Rh5 31. Ke2 Rah8 32. Kd2 R5h7 33. Qg3 Rh5 34. Bc2 Qf8 35. Qg7 Qe7 36. Bd1 R8h7 37. Qg3 R5h6 38. Ng1 Rh8 39. h5 R6h7 40. Rh4 Qf8 41. Kc2 Nb4+ 42. Kb1 Qh6 43. Rh3 Rf8 44. Qf2 Rfh8 45. Rhg3 Qf8 46. Qd2 Bc8 47. Nh3 Bb7 48. Nf2 Bc8 49. Kb2 Ka8 50. Ng4 Rxh5 51. Nxf6 Rh3 52. Nd5 Nxd5 53. cxd5 Rxg3 54. Rxg3 Rg8 55. Qg2 Rxg3 56. Qxg3 f6 57. Bh5 Qh6 58. Bd1 Ba6 59. Kc2 Ka7 60. Be2 Qf8 61. Qg6 Bb7 62. d6 Qxd6 63. Qf7 Ka8 64. Bh5 Ba6 65. Qe6 Qd8 66. Be8 Ka7 67. Qf7+ Kb8 68. Kd2 Qd6 69. Bd7 Bc8 70. Bb5 Qd8 71. Qg7 Bb7 72. Ke2 Qc7 73. Qxf6 Qh7 74. Qxe5+ Ka7 75. Qg3 Qh5+ 76. Kf2 Qd1 77. Bc4 Qd2+ 78. Kg1 Qd1+ 79. Kf2 Qd2+ 80. Kf3 Qe3+ 81. Kg4 Qe2+ 82. Kg5 Qe3+ 83. Qxe3 dxe3 84. d4 Ba6 85. f6 Bxc4 86. bxc4 e2 87. f7 e1Q 88. f8Q Qg1+ 89. Kh6 Qh1+ 90. Kg7 Qg1+ 91. Kh7 Qh1+ 1/2-1/2

[Event "Rio Branco Regional Norte"]
[Site "Rio Branco"]
[Date "2021.11.28"]
[Round "6"]
[White "Zanette, Edgard Vinicius"]
[Black "Deus Filho, Joaquim"]
[Result "0-1"]
[WhiteElo "2157"]
[BlackElo "1885"]
[PlyCount "105"]
[EventDate "2021.11.25"]
[EventType "swiss"]
[EventRounds "6"]
[EventCountry "BRA"]
[SourceTitle "CBM 205 Extra"]
[Source "ChessBase"]
[SourceDate "2022.01.31"]
[SourceVersion "1"]
[SourceVersionDate "2022.01.31"]
[SourceQuality "1"]

1. e4 c5 2. Nf3 d6 3. d4 cxd4 4. Nxd4 Nf6 5. f3 e5 6. Nb3 d5 7. Bg5 Be6 8. exd5 Qxd5 9. Nc3 Bb4 10. Bd2 Bxc3 11. Bxc3 Nc6 12. Be2 0-0 13. Qxd5 Nxd5 14. Bd2 Ndb4 15. Bd1 b6 16. Nc1 Rfd8 17. c3 Nd3+ 18. Nxd3 Rxd3 19. Bc2 Rd6 20. 0-0-0 h6 21. Rhe1 f6 22. h3 Rad8 23. f4 Bxa2 24. fxe5 fxe5 25. g4 Na5 26. Be3 Nb3+ 27. Bxb3+ Bxb3 28. Rxd6 Rxd6 29. h4 Kf7 30. Bd2 Rd5 31. Re4 b5 32. g5 hxg5 33. hxg5 a5 34. Rh4 a4 35. Rg4 Kg6 36. Re4 Kf5 37. Re1 Rd8 38. Rf1+ Ke6 39. Re1 Rf8 40. Be3 Kd5 41. Kd2 Ra8 42. Bf2 Rf8 43. Be3 Rf3 44. Rh1 Rg3 45. Rh7 Rg2+ 46. Ke1 g6 47. Rg7 Ke4 48. Bf2 Rxg5 49. Rb7 Bc4 50. Rg7 Kf3 51. Ra7 Kg2 52. Re7 Kf3 53. Bb6 0-1

[Event "Sao Jose dos Campos op"]
[Site "Sao Jose dos Campos"]
[Date "2021.10.10"]
[Round "3"]
[White "Deus Filho, Joaquim"]
[Black "De Jesus, Joao Pedro Mendez"]
[Result "1/2-1/2"]
[WhiteElo "1868"]
[BlackElo "1600"]
[PlyCount "112"]
[EventDate "2021.10.09"]
[EventType "swiss"]
[EventRounds "7"]
[EventCountry "BRA"]
[SourceTitle "CBM 204 Extra"]
[Source "ChessBase"]
[SourceDate "2021.11.30"]
[SourceVersion "1"]
[SourceVersionDate "2021.11.30"]
[SourceQuality "1"]

1. f4 c5 2. e4 d5 3. exd5 Qxd5 4. Nc3 Qd6 5. Nb5 Qxf4 6. d4 Qh4+ 7. g3 Qe4+ 8. Kf2 Qxh1 9. Bg2 Qxh2 10. Nc7+ Kd8 11. dxc5+ Nd7 12. Nxa8 Ngf6 13. Ne2 e5 14. b4 h5 15. Qh1 Qxh1 16. Bxh1 h4 17. Bg5 hxg3+ 18. Kxg3 Be7 19. Bxf6 Nxf6 20. Rd1+ Nd7 21. Nc3 a5 22. a3 axb4 23. axb4 Rh4 24. Nd5 Rd4 25. Rxd4 exd4 26. Nxe7 Kxe7 27. Kf4 f5 28. c6 bxc6 29. Bxc6 Kf6 30. b5 g5+ 31. Kg3 Ke5 32. b6 Nc5 33. Nc7 Kd6 34. Bg2 Bb7 35. Nb5+ Ke5 36. Na3 f4+ 37. Kf2 Bxg2 38. Kxg2 Nd7 39. b7 Ke4 40. Nc4 g4 41. Kf2 g3+ 42. Kg2 Nb8 43. Nd2+ Ke3 44. Nf3 Na6 45. Ne5 Kd2 46. Nf3+ Ke3 47. Ne5 Kd2 48. Nf3+ Kxc2 49. Nxd4+ Kd3 50. Nf3 Nb8 51. Ne1+ Ke4 52. Nf3 Kd5 53. Ng1 Nd7 54. Ne2 Kc6 55. Nxg3 f3+ 56. Kxf3 Kxb7 1/2-1/2

[Event "Sao Jose dos Campos op"]
[Site "Sao Jose dos Campos"]
[Date "2021.10.09"]
[Round "2"]
[White "Aranha Filho, Alvaro Zimmermann"]
[Black "Deus Filho, Joaquim"]
[Result "1-0"]
[WhiteElo "2236"]
[BlackElo "1868"]
[PlyCount "49"]
[EventDate "2021.10.09"]
[EventType "swiss"]
[EventRounds "7"]
[EventCountry "BRA"]
[SourceTitle "CBM 204 Extra"]
[Source "ChessBase"]
[SourceDate "2021.11.30"]
[SourceVersion "1"]
[SourceVersionDate "2021.11.30"]
[SourceQuality "1"]

1. d4 Nf6 2. c4 e6 3. Nf3 b6 4. a3 Ne4 5. g3 Bb7 6. Bg2 Be7 7. 0-0 0-0 8. d5 a5 9. Nfd2 exd5 10. cxd5 Nc5 11. b3 Bf6 12. Ra2 d6 13. Qc2 Re8 14. b4 axb4 15. axb4 Rxa2 16. Qxa2 Nca6 17. Qc4 Nd7 18. Ne4 Be5 19. Nbc3 g6 20. Bg5 f6 21. Bd2 Kg7 22. f4 Bxc3 23. Bxc3 Kf7 24. Bh3 Qe7 25. Bxd7 1-0

[Event "Bom Jesus do Itabapoana op 1st"]
[Site "Bom Jesus do Itabapoana"]
[Date "2021.08.28"]
[Round "4"]
[White "Lima, Stefan Moisei Vieir"]
[Black "Deus Filho, Joaquim"]
[Result "0-1"]
[WhiteElo "1580"]
[BlackElo "1909"]
[PlyCount "70"]
[EventDate "2021.08.26"]
[EventType "swiss"]
[EventRounds "6"]
[EventCountry "BRA"]
[SourceTitle "CBM 204 Extra"]
[Source "ChessBase"]
[SourceDate "2021.11.30"]
[SourceVersion "1"]
[SourceVersionDate "2021.11.30"]
[SourceQuality "1"]

1. e4 c5 2. Nf3 d6 3. d4 cxd4 4. Nxd4 Nf6 5. Nc3 g6 6. Bc4 Bg7 7. f3 Nc6 8. Be3 0-0 9. Qd2 Nd7 10. 0-0-0 Nde5 11. Bb3 Na5 12. Qe2 a6 13. g4 b5 14. Kb1 Nec4 15. Bxc4 Nxc4 16. h4 Nxe3 17. Qxe3 b4 18. Nce2 h6 19. h5 g5 20. Ng3 Kh7 21. e5 Bb7 22. exd6 exd6 23. Qd3+ Kh8 24. Ngf5 Be5 25. Nxh6 Qf6 26. Nhf5 a5 27. h6 a4 28. h7 b3 29. cxb3 axb3 30. a3 Ra5 31. Rh6 Qd8 32. Nxb3 Rd5 33. Qc2 Qb6 34. Rxd5 Bxd5 35. Nxd6 Qxb3 0-1